[Event "Kragero Resort International 2022"]
[Site "Kragero"]
[Date "2022.02.25"]
[Round "5.8"]
[White "Lie, Kjetil A."]
[Black "Injac, Teodora"]
[Result "1-0"]
[WhiteElo "2520"]
[BlackElo "2407"]
[Annotator "TA"]
[PlyCount "85"]
[EventDate "2022.02.23"]
[EventType "swiss"]
[EventCountry "NOR"]
[SourceTitle "playchess.com"]
[Source "ChessBase"]
[SourceQuality "1"]

{[%evp 13,85,0,10,0,0,0,0,0,0,-9,14,9,25,23,28,26,35,25,24,22,77,82,121,119,119,119,127,120,139,121,138,138,122,86,90,93,167,182,267,252,223,152,141,137,126,106,214,102,272,280,345,293,294,125,658,200,181,173,1099,1070,29977,29978,29976,29977,6889,6295,2617,2631,29990,29991,29991,29992,29993,29994]} 1. d4 Nf6 2. Nf3 d5 3. e3 e6 4. Bd3 b6 5. O-O Bd6 6. b3 O-O 7. Bb2 Bb7 8. Nbd2 {D05: Colle System with ...e6.} Nbd7 9. Qe2 {9.c4 is the modern continuation.} Ne4 10. Rfd1 {[#] The position is equal.} Qe7 $146 ({Predecessor:} 10... f5 11. c4 Qf6 12. cxd5 exd5 13. Ba6 Bxa6 14. Qxa6 g5 15. Qb5 c6 16. Qa4 g4 {0-1 (38) Petesch,G (2330)-Wagner,D (2572) Chess.com INT 2021}) 11. Ba6 Bc6 12. a4 Nxd2 13. Rxd2 Nb8 14. Bd3 a5 15. Ne5 Bb7 16. e4 Bxe5 (16... Na6 $11 {keeps the balance.}) 17. dxe5 $16 d4 18. Bxd4 Nc6 19. Bb2 Qg5 20. Rf1 Rfd8 21. f4 Qe7 22. Qe3 Nb4 23. Rfd1 Nxd3 24. cxd3 Qd7 (24... Rd7 $16) 25. d4 $18 b5 (25... c6 $142 26. Ba3 Rac8) 26. axb5 Qxb5 27. f5 exf5 28. exf5 {Hoping for f6.} Bd5 29. f6 {aiming for Qg5.} h6 {Prevents Qg5.} (29... Kh8 $16) 30. Qg3 (30. Rd3 $1 $18 {has better winning chances.}) 30... g6 $2 (30... g5 $16) 31. Rd3 {Strongly threatening Qh4.} Qb4 {[#]} (31... a4 $2 32. Qe3 Kh7 33. Qf4 $18 (33. Bc1 g5 $16)) 32. Qh4 $1 h5 {[#]} 33. Qf4 $40 {[%mdl 128] White is out for blood.} (33. g4 $1 $18 {[%cal Rg4h5]} Kf8 34. gxh5 gxh5 35. Qxh5) 33... Ra6 $2 {[%mdl 8192]} (33... a4 $16) 34. Rg3 $2 ({Weaker is} 34. Qh6 Qf8 35. Qc1 Rc6 $16) (34. Ra1 {Threatens to win with Ba3.} Rxf6 35. exf6) 34... Kf8 35. Qc1 Qb7 $2 (35... Ke8 36. Rc3 (36. Qxc7 Rc6 $14) 36... c6) 36. Qc5+ ({Less strong is} 36. Qh6+ Ke8 37. Ba3 Kd7 $16) 36... Kg8 {[#]} 37. Rxg6+ $3 {[%mdl 512]} fxg6 38. Qe7 {[%csl Gf6][%cal Re7g7]} c5 39. f7+ {[%mdl 64] Deflection} Bxf7 40. Qxb7 {Threatening mate with d5.} Raa8 41. e6 {White mates.} Bxe6 42. d5 {[%csl Gb2][%cal Rb7g7]} Bf7 43. Rf1 {Weighted Error Value: White=0.46/Black=0.72} 1-0

[Event "Kragero Resort International 2022"]
[Site "Kragero"]
[Date "2022.02.25"]
[Round "5.8"]
[White "Dahli, Vincent"]
[Black "Omarsson, Adam"]
[Result "0-1"]
[WhiteElo "1714"]
[BlackElo "1546"]
[Annotator "NA"]
[PlyCount "70"]
[EventDate "2022.02.23"]
[EventType "swiss"]
[EventCountry "NOR"]
[SourceTitle "playchess.com"]
[Source "ChessBase"]
[SourceQuality "1"]
[TimeControl "5400+30"]

1. d4 {[%emt 0:00:04]} g6 {[%emt 0:00:14]} 2. c4 {[%emt 0:00:08]} Nf6 {[%emt 0:00:11]} 3. Nc3 {[%emt 0:00:12]} Bg7 {[%emt 0:00:50]} 4. e4 {[%emt 0:00:48]} d6 {[%emt 0:00:53]} 5. Nf3 {[%emt 0:01:03]} O-O {[%emt 0:00:52]} 6. Be2 {[%emt 0:00:33]} Nbd7 {[%emt 0:00:54]} 7. O-O {[%emt 0:00:57]} e5 {[%emt 0:00:54]} 8. h3 {[%emt 0:01:16]} exd4 {[%emt 0:00:48]} 9. Nxd4 {[%emt 0:00:59]} Nc5 {[%emt 0:00:33]} 10. f3 {[%emt 0:02:44]} a5 {[%emt 0:03:21]} 11. Be3 {[%emt 0:03:37]} Nh5 {[%emt 0:01:57]} 12. Ndb5 {[%emt 0:02:14]} Bd7 {[%emt 0:05:47]} 13. Qd2 {[%emt 0:07:03]} Ng3 {[%emt 0:03:18]} 14. Rfd1 {[%emt 0:03:40]} Bxb5 {[%emt 0:00:47]} 15. Nxb5 {[%emt 0:00:37]} Rc8 {[%emt 0:01:08]} 16. Bf1 {[%emt 0:04:18]} Qh4 {[%emt 0:03:10]} 17. Rab1 {[%emt 0:09:52]} Nxf1 {[%emt 0:04:30]} 18. Kxf1 {[%emt 0:01:23]} f5 {[%emt 0:00:34]} 19. Bf2 {[%emt 0:17:42]} Qh5 {[%emt 0:02:18]} 20. Qd5+ {[%emt 0:09:08]} Kh8 {[%emt 0:00:36]} 21. Bxc5 {[%emt 0:01:33]} dxc5 {[%emt 0:01:36]} 22. Qxc5 {[%emt 0:02:10]} fxe4 {[%emt 0:00:40]} 23. Qxh5 {[%emt 0:00:11]} gxh5 {[%emt 0:00:09]} 24. Kf2 {[%emt 0:01:34]} exf3 {[%emt 0:00:28]} 25. gxf3 {[%emt 0:00:15]} Rf4 {[%emt 0:00:16]} 26. b3 {[%emt 0:01:21]} Rcf8 {[%emt 0:00:48]} 27. Rd3 {[%emt 0:00:37]} c6 {[%emt 0:01:12]} 28. Nd6 {[%emt 0:02:59]} Bd4+ {[%emt 0:01:07]} 29. Ke2 {[%emt 0:03:22]} b6 {[%emt 0:03:13]} 30. Ne4 {[%emt 0:06:07]} c5 {[%emt 0:00:21]} 31. Rh1 {[%emt 0:07:14]} Rg8 {[%emt 0:00:47]} 32. Rh2 {[%emt 0:00:43]} Be5 {[%emt 0:00:41]} 33. Rh1 {[%emt 0:01:54]} Rg2+ {[%emt 0:00:55]} 34. Ke3 {[%emt 0:00:26]} Rf7 {[%emt 0:00:55]} 35. Rd5 {[%emt 0:01:24]} Bd4+ {[%emt 0:00:15]} 0-1

[Event "Kragero Resort International 2022"]
[Site "Kragero"]
[Date "2022.02.25"]
[Round "5.9"]
[White "Ochsner, Bjorn Moller"]
[Black "Alinasab, Mobina"]
[Result "1-0"]
[WhiteElo "2496"]
[BlackElo "2325"]
[Annotator "RC"]
[PlyCount "139"]
[EventDate "2022.02.23"]
[EventType "swiss"]
[EventCountry "NOR"]
[SourceTitle "playchess.com"]
[Source "ChessBase"]
[SourceQuality "1"]
[TimeControl "5400+30"]

1. e4 {[%emt 0:01:35]} c5 {[%emt 0:00:47]} 2. Nf3 {[%emt 0:00:10]} e6 {[%emt 0:00:53]} 3. d4 {[%emt 0:01:48]} cxd4 {[%emt 0:00:09]} 4. Nxd4 {[%emt 0:00:06]} Nf6 {[%emt 0:00:09]} 5. Nc3 {[%emt 0:00:27]} Nc6 {[%emt 0:00:07]} 6. Ndb5 {[%emt 0:00:45]} Bb4 {[%emt 0:00:35]} 7. a3 {[%emt 0:00:51]} Bxc3+ {[%emt 0:00:42]} 8. Nxc3 {[%emt 0:00:02]} d5 {[%emt 0:00:11]} 9. exd5 {[%emt 0:00:18]} exd5 {[%emt 0:00:09]} 10. Bd3 {[%emt 0:00:20]} O-O {[%emt 0:00:11]} 11. O-O {[%emt 0:00:38]} d4 {[%emt 0:00:15]} 12. Ne2 {[%emt 0:00:29]} Bg4 {[%emt 0:00:16]} 13. f3 {[%emt 0:02:24]} Bh5 {[%emt 0:00:11]} 14. Nf4 {[%emt 0:00:08]} Bg6 {[%emt 0:00:07]} 15. Nxg6 {[%emt 0:00:08]} hxg6 {[%emt 0:00:13]} 16. f4 {[%emt 0:00:59]} Ne7 {[%emt 0:07:21]} 17. Qf3 {[%emt 0:04:51]} Qd7 {[%emt 0:06:47]} 18. Bd2 {[%emt 0:03:40]} Rfe8 {[%emt 0:03:15]} 19. Rae1 {[%emt 0:04:36]} Nf5 {[%emt 0:09:51]} 20. Re5 {[%emt 0:08:00]} a6 {[%emt 0:10:46]} 21. h3 {[%emt 0:09:59]} Rxe5 {[%emt 0:25:56]} 22. fxe5 {[%emt 0:00:14]} Nd5 {[%emt 0:00:08]} 23. g4 {[%emt 0:15:37]} Nfe3 {[%emt 0:05:29]} 24. Re1 {[%emt 0:00:44]} Rc8 {[%emt 0:03:55]} 25. Qe4 {[%emt 0:02:32]} Nc4 {[%emt 0:04:31]} 26. Bc1 {[%emt 0:02:16]} Ne7 {[%emt 0:04:28]} 27. e6 {[%emt 0:02:26]} Qxe6 {[%emt 0:01:28]} 28. Qxe6 {[%emt 0:00:11]} fxe6 {[%emt 0:00:05]} 29. Rxe6 {[%emt 0:00:40]} Kf7 {[%emt 0:00:28]} 30. Re4 {[%emt 0:00:48]} b5 {[%emt 0:00:48]} 31. b3 {[%emt 0:04:29]} Na5 {[%emt 0:03:46]} 32. Bg5 {[%emt 0:01:19]} Nec6 {[%emt 0:05:36]} 33. Kg2 {[%emt 0:02:10]} Nb7 {[%emt 0:00:44]} 34. Rf4+ {[%emt 0:00:58]} Ke6 {[%emt 0:00:10]} 35. Bxg6 {[%emt 0:03:30]} Nd6 {[%emt 0:00:06]} 36. Bd3 {[%emt 0:02:35]} Kd5 {[%emt 0:02:12]} 37. Bh4 {[%emt 0:02:30]} a5 {[%emt 0:05:02]} 38. Bg3 {[%emt 0:06:53]} Ne5 {[%emt 0:01:07]} 39. Bf2 {[%emt 0:04:05]} Nxd3 {[%emt 0:00:09]} 40. Rxd4+ {[%emt 0:03:11]} Ke5 {[%emt 0:00:08]} 41. Rxd3 {[%emt 0:00:18]} Rxc2 {[%emt 0:00:09]} 42. Kf3 {[%emt 0:00:22]} Ke6 {[%emt 0:00:41]} 43. Bg3 {[%emt 0:04:42]} Nf7 {[%emt 0:00:06]} 44. Re3+ {[%emt 0:00:24]} Kf6 {[%emt 0:01:34]} 45. Be1 {[%emt 0:02:44]} Ng5+ {[%emt 0:00:41]} 46. Kg3 {[%emt 0:00:23]} a4 {[%emt 0:00:14]} 47. bxa4 {[%emt 0:01:13]} bxa4 {[%emt 0:00:01]} 48. Bb4 {[%emt 0:00:20]} Ne6 {[%emt 0:00:36]} 49. h4 {[%emt 0:00:48]} Rc4 {[%emt 0:01:12]} 50. Rf3+ {[%emt 0:00:41]} Kg6 {[%emt 0:00:20]} 51. Rf5 {[%emt 0:00:58]} Nd4 {[%emt 0:00:42]} 52. h5+ {[%emt 0:02:02]} Kh6 {[%emt 0:00:26]} 53. Ra5 {[%emt 0:01:06]} Ne2+ {[%emt 0:00:32]} 54. Kh4 {[%emt 0:00:35]} Nd4 {[%emt 0:00:34]} 55. Rxa4 {[%emt 0:00:48]} Nf5+ {[%emt 0:00:29]} 56. Kh3 {[%emt 0:00:05]} Ne3 {[%emt 0:00:20]} 57. Ra6+ {[%emt 0:00:18]} Kh7 {[%emt 0:00:36]} 58. g5 {[%emt 0:01:12]} Nd5 {[%emt 0:00:33]} 59. Bd2 {[%emt 0:00:40]} Kg8 {[%emt 0:00:23]} 60. Ra8+ {[%emt 0:00:32]} Kf7 {[%emt 0:00:06]} 61. Ra7+ {[%emt 0:00:04]} Kg8 {[%emt 0:00:34]} 62. g6 {[%emt 0:00:26]} Rc8 {[%emt 0:00:54]} 63. Bg5 {[%emt 0:00:32]} Nc7 {[%emt 0:00:28]} 64. Bf4 {[%emt 0:01:06]} Nb5 {[%emt 0:00:36]} 65. Rb7 {[%emt 0:00:36]} Nd4 {[%emt 0:00:29]} 66. Be5 {[%emt 0:00:23]} Ne6 {[%emt 0:00:31]} 67. Kg4 {[%emt 0:00:15]} Rc6 {[%emt 0:00:28]} 68. Kf5 {[%emt 0:00:34]} Kf8 {[%emt 0:00:26]} 69. Rf7+ {[%emt 0:00:17]} Ke8 {[%emt 0:00:36]} 70. Bxg7 {[%emt 0:00:28]} 1-0

[Event "Kragero Resort International 2022"]
[Site "Kragero"]
[Date "2022.02.25"]
[Round "5.10"]
[White "Abdrlauf, Elham"]
[Black "Donchenko, Alexander"]
[Result "1/2-1/2"]
[WhiteElo "2343"]
[BlackElo "2636"]
[Annotator "TA"]
[PlyCount "240"]
[EventDate "2022.02.23"]
[EventType "swiss"]
[EventCountry "NOR"]
[SourceTitle "playchess.com"]
[Source "ChessBase"]
[SourceQuality "1"]

{[%evp 10,240,0,0,-14,-28,-33,-37,-33,-27,-27,-25,-25,-30,-18,-27,-27,-29,-31,-35,-20,-44,0,-10,0,0,-4,-1,0,-16,-9,-11,-11,-34,-27,-27,-21,-27,-32,-31,0,0,0,0,0,0,0,0,0,0,0,0,0,0,7,0,0,0,0,0,0,0,0,0,4,0,0,0,0,-8,-8,-8,-8,-8,-8,-8,-8,-76,-76,-134,-134,-606,-595,-1313,-372,-400,-184,-5097,-5089,-29975,-387,-345,-367,-400,-231,-231,-231,-231,-33,-33,-33,-33,-33,-33,-33,-33,-32,-33,-32,-32,-33,-33,-33,-33,-37,-38,-38,-40,-8,-8,-8,-8,0,0,0,0,0,0,0,0,0,0,0,0,0,0,0,0,0,-8,0,0,0,0,0,0,0,0,0,0,0,0,0,0,0,0,0,0,0,0,0,0,0,0,0,0,0,0,0,0,0,0,0,0,0,0,0,0,0,0,0,0,0,0,0,0,0,0,0,0,0,0,0,0,0,0,0,0,0,0,0,0,0,0,0,0,0,0,0,-8,0,-8,0,0,0,0,0,0,0,0,0,0,0,0,0,0,0,0,0,0,0,0,0]} 1. e4 e5 2. Nc3 Nf6 3. Bc4 Bc5 4. d3 c6 5. Nf3 d6 6. O-O O-O {C27: Vienna Game: 2...Nf6 3 Bc4 Nxe4.} 7. Be3 Bxe3 8. fxe3 b5 {Black is slightly better.} 9. Bb3 Nbd7 10. a3 {[#]} a5 $146 ({Predecessor:} 10... Nc5 11. Ba2 Be6 12. Bxe6 fxe6 13. b4 Ncd7 14. d4 Qb6 15. Kh1 Rad8 16. Qd3 Rfe8 {1-0 (31) Tortarolo,M (2230)-Sbarra,M Milan 1993}) 11. Qd2 Rb8 12. Ne2 {[%cal Bc3e2,Be2c1,Bc1b3,Bb3a5,Ba5c4][%mdl 32]} Nc5 13. Ba2 b4 14. axb4 axb4 15. Nc1 Qe7 16. Nb3 Ncd7 17. Na5 Rb6 18. Nc4 Rb5 19. Qe2 Nc5 20. Ncd2 Rb6 21. h3 d5 {[%cal Rd5e4]} 22. exd5 cxd5 23. e4 (23. Nxe5 {is more complex.} Qxe5 24. d4 Qe7 25. dxc5 Qxc5 26. Bb3) 23... dxe4 24. dxe4 b3 25. Bxb3 Nxb3 26. cxb3 Nh5 27. Qf2 Rg6 28. Ra7 Qe8 29. Kh2 Nf4 30. Nh4 Rh6 31. Ndf3 Qb5 {To avoid Qc5} 32. Nf5 Bxf5 33. exf5 Qxb3 34. Rfa1 ({But not} 34. Nxe5 $2 Nxh3 $1 {[%mdl 512]} 35. Qc5 Ng5+ 36. Kg1 Ne4 $19) 34... Qb6 $1 35. Qg3 Qxb2 36. R1a2 Qb1 37. Qg4 Rf6 38. Nxe5 Rxf5 {Hoping for ...h5.} 39. Nd7 {Chess con chili.} h5 $1 40. Qg3 Re8 41. Ra8 Qe4 42. Qf3 $1 {Qxe4 would kill now.} Kh7 {...Qxf3 is the strong threat.} 43. Rxe8 (43. Nf8+ $1 $11 Kh6 44. Rxe8 Qxe8 {[#]} 45. g4 $1 hxg4 46. hxg4 $1) 43... Qxe8 $17 44. Ra7 (44. Rd2 $142) 44... Qe7 45. Qa8 $2 {[%mdl 8192]} (45. g3 $17 Rb5 46. Ra2 (46. gxf4 Rb2+ 47. Qg2 Rxg2+ 48. Kxg2 Qe2+ 49. Kg3 Qe3+ 50. Kg2 Qe2+ 51. Kg3 Qe3+ 52. Kg2 Qxa7)) 45... Ng6 $19 46. Qc6 {Inhibits Qd6+.} Qe3 $2 (46... Qe1 {( -> ...Rf1)} 47. Nf8+ Nxf8) 47. Ra1 {Prevents Rf1.} h4 (47... Rf2 $142 {aiming for ...Nf4.} 48. Kh1 Rd2) 48. Qc2 $2 (48. Kh1) 48... Rf2 49. Qc6 Qg3+ $2 (49... Nf4 {mates} 50. Kh1 Rxg2 51. Nf8+ Kg8 52. Qxg2 Nxg2 53. Ra2 Qxh3+ 54. Kg1 Ne3 55. Kf2 Qg2+ 56. Kxe3 Qxa2 57. Ke4 Kxf8 58. Ke3 h3 59. Kf3 h2 60. Kf4 h1=Q 61. Ke3 Qb3+ 62. Kf4 Qh4+ 63. Kf5 Qe6#) 50. Kh1 Rd2 51. Rf1 Qd3 (51... Qe3 $142 52. Nb8 Ne5) 52. Nf6+ gxf6 53. Qxf6 Qd5 $2 (53... Kh6 $19 54. Qxf7 Re2) 54. Qxf7+ $15 Qxf7 55. Rxf7+ {[%mdl 4096] Endgame KRN-KR} Kh6 {Strongly threatening ...Rd3.} 56. Rf3 {To avoid Rd3} Ne5 57. Re3 Nd3 58. g3 $1 Kg5 ({Weaker is} 58... Nf2+ 59. Kg1 $17) 59. Kg1 $1 hxg3 60. Rxg3+ Kf4 61. Rg2 Rd1+ 62. Kh2 Ne1 {[%cal Re1f3]} 63. Ra2 Kf3 64. h4 {The position is equal.} Nd3 65. h5 Nf2 {[%csl Gf2][%cal Rd1h1]} 66. Ra3+ Kf4 67. Kg2 Ne4 68. h6 Rd2+ 69. Kf1 Rh2 70. Ke1 Rxh6 71. Kd1 Rh2 72. Kc1 Nc5 73. Rc3 Ne6 74. Rc2 Rh1+ 75. Kb2 Nd4 76. Rc8 Ke4 77. Rg8 Kd3 78. Rg3+ Kc4 79. Rg2 Rh3 80. Rg8 Rh2+ 81. Kc1 Rf2 82. Rc8+ Kd3 83. Kb1 Rh2 84. Rg8 Rf2 85. Rh8 Re2 86. Rh3+ Kc4 87. Rh8 Nc2 88. Kb2 Nb4+ 89. Kc1 Na2+ 90. Kd1 Nc3+ 91. Kc1 Nd5 92. Rc8+ Kd3 93. Rd8 Re5 94. Kb2 Kd4 95. Rh8 Ne3 96. Rd8+ Kc4 97. Rc8+ Kd4 98. Rd8+ Nd5 99. Rh8 Re4 100. Rd8 Re2+ 101. Kb3 Rd2 102. Rh8 Rd3+ 103. Kb2 Rf3 104. Rd8 Rh3 105. Rg8 Rh7 106. Rd8 Kc4 107. Rc8+ Kd3 108. Rb8 Rh6 109. Kb3 Rd6 110. Kb2 Ne3 111. Kb3 Nc2 112. Rb7 Rd8 113. Kb2 Nd4 114. Rb6 Rf8 115. Rb7 Rf6 116. Rb8 Rf7 {To avoid Rb7} 117. Kb1 Nc6 118. Rb3+ Kc4 119. Rh3 Nb4 120. Kc1 Rf2 {Black had all chances to win.  Weighted Error Value: White=0.52/Black=0.38} 1/2-1/2

[Event "Kragero Resort International 2022"]
[Site "Kragero"]
[Date "2022.02.25"]
[Round "5.11"]
[White "Bogner, Sebastian"]
[Black "Stanford, Maxim Barth"]
[Result "1-0"]
[WhiteElo "2573"]
[BlackElo "2339"]
[Annotator "TA"]
[PlyCount "128"]
[EventDate "2022.02.23"]
[EventType "swiss"]
[EventCountry "NOR"]
[SourceTitle "playchess.com"]
[Source "ChessBase"]
[SourceQuality "1"]

{[%evp 13,128,36,44,35,37,30,31,19,58,51,52,48,112,100,133,145,137,100,162,57,58,57,51,49,59,12,131,115,197,83,259,249,243,239,220,220,223,186,184,172,237,237,250,211,209,181,179,162,150,162,193,190,162,106,106,106,138,135,136,136,153,162,143,143,143,110,143,142,129,102,142,133,157,157,163,164,176,176,170,146,259,259,260,246,278,288,1520,1526,1269,1192,908,875,5018,3864,3295,1444,29964,29966,29965,29966,29966,29964,29964,29965,29962,29960,3085,2551,29978,29979,29978,29973,29964,29965,29980,29981,29981]} 1. d4 Nf6 2. c4 e6 3. Nf3 d5 {[%cal Bd7d5,Bd5c4][%mdl 32]} 4. g3 dxc4 5. Bg2 a6 6. O-O Nc6 7. e3 {[%cal Be2e3,Be3e4][%mdl 32]} Bd7 8. Qe2 {E04: Open Catalan: 5 Nf3.} Bd6 {is currently scoring better than 8...b5.} 9. Qxc4 O-O 10. Nc3 {White is slightly better.} Qe7 11. e4 {Black must now prevent e5.} e5 12. Bg5 b5 (12... exd4 $14 13. Nd5 Qxe4 14. Bxf6 Be6 15. Nxd4 Bxd5 16. Qxd5 Qxd5 17. Bxd5 gxf6 18. Nxc6 bxc6 19. Bxc6 Rab8) 13. Qd3 $16 Nb4 {Prevents Nd5.} 14. Qd2 exd4 {[#]} 15. e5 $146 ({Predecessor:} 15. Qxd4 Nc6 16. Qd2 Qe6 17. e5 Nxe5 18. Nxe5 Bxe5 19. Bxa8 Rxa8 20. Rae1 b4 21. Ne4 {½-½ (76) Lu,M (2283)-Wang,A (2321) Cochabamba 2019}) 15... Bxe5 {[#]} (15... dxc3 $16 16. bxc3 Nc6 17. exd6 Qxd6) 16. Nxe5 (16. Ne4 $1 $18 {[%mdl 512]}) 16... Qxe5 $14 17. Bxa8 Rxa8 {[#]} 18. Rfe1 $1 Qf5 19. Bxf6 (19. Qxd4 Nc2 20. Qf4 Qxf4 21. gxf4 Bc6 22. Bxf6 gxf6 $17) 19... gxf6 (19... Qxf6 20. Ne4 Qf3 21. Ng5 $16 (21. Qxb4 Bh3)) (19... Qf3 $11 20. Qd1 (20. Qxd4 Bc6 $11) (20. Bxd4 $2 Bh3) 20... Qxf6) 20. Ne4 $1 $16 (20. Qxd4 Nc2 21. Qd5 c6 $15) 20... c5 (20... Bc6 $16) 21. Qh6 (21. Rac1 $18 {is more deadly.} Rc8 22. a3) 21... Nd5 $2 (21... Nd3 $16) 22. Nxc5 $18 Bc6 {[#] ...Nb4 is the strong threat.} 23. Ne4 $1 Qg6 24. Qxg6+ hxg6 25. Rad1 Nb4 26. a3 (26. Rxd4 Nc2 27. Rd6 (27. Nxf6+ Kg7 $14) 27... Nxe1 $14) 26... Nc2 {[#]} (26... Bxe4 {was called for.} 27. axb4 (27. Rxe4 Nc6 $18) 27... f5 28. Rxd4 Rc8) 27. Re2 $1 ({Inferior is} 27. Nxf6+ Kg7 28. Rf1 (28. Re2 Bf3 $15) 28... Kxf6 $15) 27... Kg7 28. f3 Bxe4 29. Rxe4 {[%mdl 4096] Endgame KRR-KRN} Rc8 30. Re2 Rc4 31. Kf2 b4 32. axb4 Nxb4 33. Red2 (33. b3 $18 Rc3 34. Rxd4 Rxb3 35. f4) 33... d3 $16 34. Ra1 Rc5 35. Ra4 a5 36. Ra3 f5 37. Rc3 Rd5 38. h4 Kf6 39. Rd1 Rb5 40. Rc4 Rd5 41. g4 fxg4 42. fxg4 Kg7 43. Ke3 Re5+ 44. Re4 Rb5 45. g5 Rc5 46. Rd2 Rd5 (46... Rc1 $16 47. Rf2 Re1+ 48. Kf4 Rc1) 47. Rf2 $18 {And now Re7 would win.} Nc6 {To avoid Re7} 48. Rc4 Ne5 49. Rd4 Rxd4 (49... Rc5 50. Ke4 Rc2) 50. Kxd4 {KR-KN} d2 51. Rf1 Nf3+ 52. Ke3 Nxh4 53. Kxd2 Nf5 54. Ra1 (54. Kd3 $142 Ne7 55. Ke4) 54... f6 55. gxf6+ Kxf6 56. Rxa5 g5 57. Kd3 Ke6 58. b4 {[%cal Bb2b4,Bb4b5,Bb5b6][%mdl 32]} g4 59. Ra6+ Ke5 60. Rg6 Kf4 61. b5 {White mates.} Ne7 62. Rg7 Nc8 63. Rc7 Nd6 64. b6 g3 {Weighted Error Value: White=0.11 (very precise) /Black=0.52} 1-0

[Event "Kragero Resort International 2022"]
[Site "Kragero"]
[Date "2022.02.25"]
[Round "5.12"]
[White "Kanyamarala, Tarun"]
[Black "Urkedal, Frode Olav Olsen"]
[Result "1/2-1/2"]
[WhiteElo "2343"]
[BlackElo "2549"]
[Annotator "TA"]
[PlyCount "211"]
[EventDate "2022.02.23"]
[EventType "swiss"]
[EventCountry "NOR"]
[SourceTitle "playchess.com"]
[Source "ChessBase"]
[SourceQuality "1"]

{[%evp 17,211,0,0,0,0,0,4,0,12,17,12,6,4,8,12,17,6,5,14,19,25,19,19,0,0,0,0,0,0,0,0,0,27,25,24,13,41,-49,-53,-67,-61,-54,-38,-69,-82,-75,-29,-22,-29,-71,-80,-122,-104,-279,-109,-106,-93,-98,-95,-120,-120,-119,-121,-114,0,0,0,0,0,0,0,0,0,0,0,0,0,-8,-8,-8,-8,-8,-14,-39,-8,-14,-8,-8,0,-8,-8,-8,-8,-8,-8,-8,0,0,0,0,0,0,0,0,0,0,0,0,0,0,0,0,0,0,0,0,0,0,0,0,0,0,0,0,0,0,0,0,0,0,0,0,0,0,0,0,0,0,0,0,0,0,0,0,0,0,0,0,0,0,0,0,0,0,0,0,0,0,0,0,0,0,0,0,0,0,0,0,0,0,0,0,0,0,0,0,0,0,0,0,0,0,0,-59,0,0,0,0,0,0,0,0,0,0,0,0]} 1. d4 Nf6 2. c4 e6 3. Nc3 Bb4 4. e3 O-O 5. Bd2 d5 6. Nf3 b6 7. cxd5 exd5 8. Bd3 Bb7 9. O-O Bd6 10. Qb1 {E52: Nimzo-Indian: Rubinstein: 4...0-0 5 Nf3 d5 6 Bd3 b6.} Nbd7 11. b4 Re8 12. Rc1 a6 {To avoid Nb5} 13. b5 {[#]} Qe7 $146 ({Predecessor:} 13... a5 14. Ne2 Ne4 15. Be1 g6 16. Nd2 Ndf6 17. Nf1 Bf8 18. a4 Rc8 19. Qb3 h5 {½-½ (87) Travadon,L (2414)-Girel,J (2310) Podgorica 2021}) 14. bxa6 Bxa6 15. Bxa6 Rxa6 {[#]} 16. Nxd5 $1 Nxd5 17. Qb5 $1 {[%csl LRa6,LRd5]} Rea8 18. Qxd5 Nf6 19. Qc6 h6 20. Rc2 Qe6 21. a4 {[%cal Ba2a4,Ba4a5][%mdl 32]} Qb3 {[%cal Ob6b5]} 22. Rc3 Qd5 23. Qxd5 Nxd5 24. Rcc1 f5 25. Nh4 Ne7 26. a5 $1 Kf7 (26... g5 $5 {[%cal Rg5h4]} 27. Nf3 Nd5 $14) 27. g4 (27. h3 $14) 27... fxg4 $15 {[%cal Rb6a5]} 28. e4 {And now e5 would win.} bxa5 29. Ra4 c6 30. Rca1 {[%cal Ra4a5]} Bc7 31. Ng2 Rd8 (31... Ng6 $17) 32. Ne3 $11 h5 33. Bc3 (33. Bxa5 $11 Rxa5 34. Rxa5 Bxa5 35. Rxa5) 33... Ng6 $17 34. Nc4 (34. f3 $142) 34... Nh4 35. Bxa5 $2 {[#]} (35. Rb1 $17 {was worth a try.}) 35... Nf3+ $2 (35... Rxd4 $1 $19 36. h3 gxh3 $1 37. Bxc7 Nf3+ 38. Kf1 Rxa4 39. Rxa4 Rxc4 $1 {[%mdl 512]} 40. Rxc4 Nd2+ 41. Kg1 Nxc4) 36. Kg2 Bxa5 (36... Rda8 {keeps more tension.} 37. d5 cxd5 38. exd5 Bxh2 39. Rd1 Bd6) 37. Rxa5 Rxa5 38. Rxa5 Rxd4 39. Ne5+ Nxe5 40. Rxe5 {[%mdl 4096] Endgame [#] KR-KR} Rc4 (40... g6 $1 $17 {Hoping for ...Rc4.} 41. Rc5 Rxe4 42. Rxc6 Rf4) 41. Rxh5 $11 Rxe4 42. Rf5+ Ke6 43. Rg5 Kd6 44. Rxg7 c5 45. f3 Re2+ 46. Kg3 gxf3 47. Kxf3 Rxh2 48. Ke4 Rd2 49. Rg6+ Kc7 50. Ke3 Rd1 51. Rg2 Kb6 52. Rd2 $1 Rc1 53. Rd8 Kb5 54. Kd2 Rh1 55. Rg8 Kb4 56. Rg4+ c4 57. Rg8 (57. Rg3 c3+ 58. Kc2 (58. Rxc3 {gets mated.} Rh2+ 59. Kd3 Rh3+ 60. Kd4 Rxc3 61. Ke4 Kc5 62. Kf5 Rc4 63. Ke6 Re4+ 64. Kf5 Kd5 65. Kf6 Re5 66. Kf7 Re6 67. Kf8 Kd6 68. Kf7 Kd7 69. Kg8 Ke8 70. Kg7 Ke7 71. Kh8 Kf8 72. Kh7 Kf7 73. Kh8 Rh6#) 58... Rh2+ 59. Kd1 (59. Kc1 Kb3 60. Rd3 Rh1+ 61. Rd1 Rxd1+ 62. Kxd1 Kb2 63. Ke2 c2 64. Kf3 c1=Q 65. Kg4 Qc5 66. Kg3 Qg5+ 67. Kf3 Kc3 68. Ke4 Kc4 69. Kf3 Kd3 70. Kf2 Qg4 71. Kf1 Ke3 72. Ke1 Qg1#) 59... Kb3 $19) 57... Rh2+ 58. Kc1 $1 Kb3 59. Rc8 Kc3 {[%cal Rh2h1]} 60. Kb1 $1 Rb2+ 61. Kc1 Ra2 {[%cal Ra2a1]} 62. Kb1 {To avoid Ra1+} Rh2 63. Rg8 Rh1+ 64. Ka2 Rd1 65. Rc8 Re1 66. Rc7 Re3 67. Kb1 Re8 68. Rc6 Rb8+ 69. Kc1 Rh8 {[%cal Rh8h1]} 70. Kb1 $1 Rh4 71. Rc8 Rh1+ 72. Ka2 Rc1 73. Rh8 Rd1 74. Rc8 Re1 75. Rc7 Re4 76. Kb1 Rd4 77. Kc1 Rf4 {[%cal Rf4f1]} 78. Kb1 $1 Rf8 79. Rc6 Rf1+ 80. Ka2 Rf4 81. Kb1 Rf1+ 82. Ka2 Kd3 {( -> ...c3)} 83. Kb2 {Inhibits c3+.} Rf2+ 84. Kb1 Rg2 (84... c3 $5 85. Rd6+ Ke4 $11) 85. Rc8 Rg5 (85... c3 $5 86. Rd8+ Ke2 $11) 86. Rd8+ Kc3 87. Rc8 Rb5+ 88. Kc1 Rb7 89. Rh8 Rd7 90. Rc8 Re7 {[%cal Re7e1]} 91. Kb1 $1 Re6 92. Rc7 Rb6+ 93. Kc1 Rg6 {[%cal Rg6g1]} 94. Kb1 $1 Rg4 95. Rc8 $1 Rg2 96. Rc7 Rg1+ 97. Ka2 Rf1 98. Rc8 Kd3 {...c3 is the strong threat.} 99. Kb2 {Prevents c3+.} Rf2+ (99... Rg1 $11) 100. Kb1 $15 Rh2 (100... Rf5 $1 $15) 101. Rd8+ $1 $11 {The position is equal.} Kc3 102. Rc8 Rh7 103. Rc6 Rb7+ 104. Kc1 Ra7 {[%cal Ra7a1]} 105. Kb1 $1 {To avoid Ra1+} Ra4 106. Rc8 {Inhibits Ra8. And White is the lucky defender.  Weighted Error Value: White=0.09 (flawless) /Black=0.12 (very precise)} 1/2-1/2